000 00318nam a22001457a 4500
008 221007b ||||| |||| 00| 0 eng d
020 _a0397554133
041 _aeng
080 _2FIFTH EDITION
_a616
082 _a616
100 _a14.2
101 _aPATH
245 _aPATHOPHYSIOLOGY
_cPORTH C
942 _2udc
_cBK
999 _c58420
_d58420